01240nab a22001937a 4500003000400000005001700004008004100021040000700062100003100069245016400100260007300264300001500337500002600352505039800378505008200776650001800858650001900876773015100895OSt20250213100254.0190429b xxu||||| |||| 00| 0 spa d cPJ aDíaz Lacoste, Alejandro 10aCatástrofes y sistemas jurídicos de protección :bnotas sobre el derecho penal y constitucional en la emergentología legal /cAlejandro Díaz Lacoste. cCiudad Autónoma de Buenos Aires :aThomson Reuters La Ley, b2025. ap. 225-245 aCita: AR/DOC/64/2025. aSumario: I. Capítulo uno. Introducción.— II. Capítulo segundo. El riesgo y la sociedad del riesgo.— III. Capítulo tercero. La bioética y la emergentología.— IV. Capítulo cuarto. Emergentología y evitación de catástrofes.— V. Capítulo quinto. Emergentología y previsión de catástrofes.— VI. Capítulo sexto. Algunas conclusiones.— VII. Bibliografía.  tSi te interesa el texto completo, solicitalo a koha@justierradelfuego.gov.ar  0aDERECHO PENAL 0aCRIMINOLOGÍA0 02658tRevista de derecho penal y criminología. Nº 1 - Febrero 2025dCiudad Autónoma de Buenos Aires : Thomson Reuters La Ley, 2017-x00347914